00289nam a2200121 a 4500008004100000020001500041050001700056100002000073245002500093260003000118300001000148350000900158120416s0000 ||||||||||||||||| || u a0552092819 aPR 6035.A904 aRaymond, Ernest14aThe old June weather aLondonbGorgi Booksc1974 a236p. a0.00